[Event "Titled Tuesday intern op 11th Mar Late"]
[Site "Chess.com INT"]
[Date "2025.03.11"]
[Round "8"]
[White "Tamarozi, Isabelle"]
[Black "Wu, Elise"]
[Result "1-0"]
[WhiteElo "1994"]
[BlackElo "1611"]
[PlyCount "77"]
[EventDate "2025.03.11"]
[EventType "swiss (blitz)"]
[EventRounds "11"]
[EventCountry "USA"]
[SourceTitle "CB12_2025"]
[SourceDate "2025.03.19"]
[SourceVersion "1"]
[SourceVersionDate "2025.03.19"]
[SourceQuality "1"]

1. e4 c5 2. Nf3 e6 3. d4 cxd4 4. Nxd4 a6 5. c4 Nf6 6. Nc3 Qc7 7. a3 b6 8. Be3 Bb7 9. f3 Be7 10. Be2 Nc6 11. Rc1 0-0 12. 0-0 Rfd8 13. Qd2 Rac8 14. Rfd1 Na5 15. b4 Nc6 16. Nb3 d6 17. Qe1 Nd7 18. Qf2 Rb8 19. Bf4 Nce5 20. Na4 Ba8 21. Be3 Rdc8 22. c5 dxc5 23. Bxa6 Rd8 24. bxc5 b5 25. Nb6 Qc6 26. Nd4 Qxc5 27. Rxc5 Bxc5 28. Nxd7 Rxd7 29. Rc1 Bxa3 30. Ra1 Be7 31. Bxb5 Rdd8 32. Be2 h6 33. g3 Bf6 34. f4 Nd7 35. Rc1 Be7 36. Nc6 Bxc6 37. Rxc6 Nf6 38. h3 Nxe4 39. Qf3 1-0

[Event "Titled Tuesday intern op 28th Jan Early"]
[Site "Chess.com INT"]
[Date "2025.01.28"]
[Round "6"]
[White "Dicen, Elis Denele"]
[Black "Tamarozi, Isabelle"]
[Result "1-0"]
[WhiteElo "2125"]
[BlackElo "1994"]
[PlyCount "87"]
[EventDate "2025.01.28"]
[EventType "swiss (blitz)"]
[EventRounds "11"]
[EventCountry "USA"]
[SourceTitle "CB06_2025"]
[SourceDate "2025.02.05"]
[SourceVersion "1"]
[SourceVersionDate "2025.02.05"]
[SourceQuality "1"]

1. d4 d5 2. c4 e6 3. Nf3 c5 4. cxd5 exd5 5. Nc3 Nf6 6. g3 Nc6 7. Bg2 Be7 8. 0-0 0-0 9. b3 Ne4 10. Bb2 Bf6 11. e3 Bf5 12. Rc1 cxd4 13. exd4 Nxc3 14. Bxc3 Be4 15. Re1 Re8 16. Ne5 Bxg2 17. Kxg2 Qd6 18. Nxc6 bxc6 19. Qd2 Re4 20. Bb4 Qe6 21. Bc5 Re8 22. Rxe4 Qxe4+ 23. Kg1 h5 24. h4 Qg4 25. Re1 Rxe1+ 26. Qxe1 Bxh4 27. Qe8+ Kh7 28. Qxf7 Bf6 29. Qxa7 h4 30. Qc7 h3 31. Qf4 Qd1+ 32. Kh2 Qf1 33. Qf3 Kg6 34. Qg4+ Kf7 35. Qd7+ Kg6 36. Qxh3 Qxf2+ 37. Qg2 Qf5 38. g4 Qf4+ 39. Qg3 Qd2+ 40. Kh3 Bxd4 41. Bxd4 Qxd4 42. Qf3 Qb4 43. Qf5+ Kh6 44. Qh5# 1-0

[Event "Titled Tuesday intern op 28th Jan Early"]
[Site "Chess.com INT"]
[Date "2025.01.28"]
[Round "1"]
[White "Khamdamova, Afruza"]
[Black "Tamarozi, Isabelle"]
[Result "1-0"]
[WhiteElo "2354"]
[BlackElo "1994"]
[PlyCount "55"]
[EventDate "2025.01.28"]
[EventType "swiss (blitz)"]
[EventRounds "11"]
[EventCountry "USA"]
[SourceTitle "CB06_2025"]
[SourceDate "2025.02.05"]
[SourceVersion "1"]
[SourceVersionDate "2025.02.05"]
[SourceQuality "1"]

1. e4 c5 2. Nf3 d6 3. d4 cxd4 4. Nxd4 Nf6 5. Nc3 g6 6. Be3 Nc6 7. f3 h5 8. Bc4 Bg7 9. Qd2 Bd7 10. 0-0-0 Rc8 11. Bb3 Ne5 12. h3 h4 13. Rhe1 Rh5 14. f4 Nc4 15. Bxc4 Rxc4 16. Bf2 Qa5 17. Nb3 Qa6 18. Kb1 Be6 19. e5 Nd7 20. exd6 Rxc3 21. bxc3 Rb5 22. dxe7 Qc6 23. Bd4 f6 24. Qe3 Bf7 25. Bxa7 b6 26. Qd3 f5 27. Qd6 Qxc3 28. Qxd7# 1-0

[Event "Titled Tuesday intern op 28th Jan Early"]
[Site "Chess.com INT"]
[Date "2025.01.28"]
[Round "2"]
[White "Tamarozi, Isabelle"]
[Black "Buscar, Michael"]
[Result "0-1"]
[WhiteElo "1994"]
[BlackElo "2016"]
[PlyCount "42"]
[EventDate "2025.01.28"]
[EventType "swiss (blitz)"]
[EventRounds "11"]
[EventCountry "USA"]
[SourceTitle "CB06_2025"]
[SourceDate "2025.02.05"]
[SourceVersion "1"]
[SourceVersionDate "2025.02.05"]
[SourceQuality "1"]

1. e4 c5 2. Nf3 Nc6 3. Bb5 Nf6 4. Bxc6 bxc6 5. d3 g6 6. 0-0 Bg7 7. c3 0-0 8. h3 Ba6 9. Re1 Ne8 10. Be3 d6 11. Na3 Nc7 12. e5 dxe5 13. Bxc5 Ne6 14. Nxe5 Nxc5 15. Nxc6 Qxd3 16. Nxe7+ Kh8 17. Nd5 Rad8 18. Nb4 Qf5 19. Qc1 Nd3 20. Nxd3 Bxd3 21. Re3 Bh6 0-1

[Event "Titled Tuesday intern op 28th Jan Early"]
[Site "Chess.com INT"]
[Date "2025.01.28"]
[Round "8"]
[White "Tamarozi, Isabelle"]
[Black "Rodriguez Avila, Alvaro"]
[Result "0-1"]
[WhiteElo "1994"]
[BlackElo "2261"]
[PlyCount "100"]
[EventDate "2025.01.28"]
[EventType "swiss (blitz)"]
[EventRounds "11"]
[EventCountry "USA"]
[SourceTitle "CB06_2025"]
[SourceDate "2025.02.05"]
[SourceVersion "1"]
[SourceVersionDate "2025.02.05"]
[SourceQuality "1"]

1. e4 c5 2. Nf3 g6 3. c4 Bg7 4. Nc3 Nc6 5. d3 e6 6. Be3 b6 7. g3 Nge7 8. Bg2 0-0 9. 0-0 Bb7 10. d4 cxd4 11. Nxd4 Nxd4 12. Bxd4 Qc7 13. b3 Rfd8 14. Bxg7 Kxg7 15. Qd4+ e5 16. Qd3 d6 17. Rad1 a6 18. h4 Bc8 19. Nd5 Nxd5 20. exd5 Bd7 21. Rfe1 Re8 22. Qe3 Qc5 23. Qc1 a5 24. h5 Bg4 25. h6+ Kf6 26. Rd3 Bf5 27. Rf3 Ke7 28. Qg5+ f6 29. Qh4 Rf8 30. Bh3 Bxh3 31. Qxh3 Qc8 32. Qh4 Qd7 33. Rfe3 Kd8 34. Rc3 Kc7 35. Qe4 Kb7 36. a3 Rfc8 37. b4 axb4 38. axb4 Qa4 39. Rec1 Qxb4 40. Qf3 Ra2 41. Qxf6 Rc7 42. R3c2 Rxc2 43. Rxc2 Qb1+ 44. Kg2 Qxc2 45. Qxd6 Qxc4 46. Qxe5 Rd7 47. d6 Qc6+ 48. Kg1 Qxd6 49. Qe3 Qc6 50. Qf4 Rd1+ 0-1

[Event "Titled Tuesday intern op 14th Jan Early"]
[Site "Chess.com INT"]
[Date "2025.01.14"]
[Round "8"]
[White "Meszaros, Gyorgy"]
[Black "Tamarozi, Isabelle"]
[Result "1-0"]
[WhiteElo "2200"]
[BlackElo "1994"]
[PlyCount "85"]
[EventDate "2025.01.14"]
[EventType "swiss (blitz)"]
[EventRounds "11"]
[EventCountry "USA"]
[SourceTitle "CB04_2025"]
[SourceDate "2025.01.22"]
[SourceVersion "1"]
[SourceVersionDate "2025.01.22"]
[SourceQuality "1"]

1. e4 c5 2. Nc3 Nc6 3. d3 g6 4. Be2 Bg7 5. g4 e6 6. h4 d5 7. h5 Qa5 8. Bd2 Nge7 9. Nxd5 Qd8 10. Nxe7 Qxe7 11. c3 Bd7 12. Qc2 e5 13. g5 0-0-0 14. 0-0-0 gxh5 15. Rxh5 Be6 16. Kb1 Rd7 17. Be3 Rc7 18. Rf1 Nd4 19. Bxd4 cxd4 20. c4 b5 21. b3 bxc4 22. dxc4 Qd7 23. Rd1 Bg4 24. Bxg4 Qxg4 25. Qe2 Qe6 26. Nf3 Rb7 27. Ne1 f6 28. gxf6 Bxf6 29. Rh6 Qf7 30. Qg4+ Kb8 31. Qf5 Rf8 32. Nd3 Bh8 33. Qxf7 Rfxf7 34. Rg1 Rf8 35. Rgh1 Rbf7 36. Rxh7 Bf6 37. R7h5 Re8 38. Rf5 Ref8 39. Rh6 Bg7 40. Rxf7 Rxf7 41. Rh7 Rf3 42. Kc2 Bf6 43. Rf7 1-0

[Event "Titled Tuesday intern op 14th Jan Early"]
[Site "Chess.com INT"]
[Date "2025.01.14"]
[Round "11"]
[White "Tamarozi, Isabelle"]
[Black "Winkels, Marcel"]
[Result "0-1"]
[WhiteElo "1994"]
[BlackElo "1890"]
[PlyCount "124"]
[EventDate "2025.01.14"]
[EventType "swiss (blitz)"]
[EventRounds "11"]
[EventCountry "USA"]
[SourceTitle "CB04_2025"]
[SourceDate "2025.01.22"]
[SourceVersion "1"]
[SourceVersionDate "2025.01.22"]
[SourceQuality "1"]

1. e4 c5 2. Nf3 e6 3. d4 cxd4 4. Nxd4 Nf6 5. Nc3 Nc6 6. Be2 Bb4 7. 0-0 Bxc3 8. bxc3 Nxe4 9. Bd3 Nc5 10. Ba3 d6 11. Qg4 0-0 12. Nxc6 bxc6 13. Bxc5 dxc5 14. Qe4 g6 15. Qxc6 Qb6 16. Qxa8 Bb7 17. Rab1 Rxa8 18. Rxb6 axb6 19. f3 Rxa2 20. Rb1 Bd5 21. Rxb6 c4 22. Be4 Bxe4 23. fxe4 Rxc2 24. Rc6 Rxc3 25. Kf2 Rc2+ 26. Kf3 c3 27. h3 e5 28. g3 Kg7 29. g4 Rh2 30. Kg3 Re2 31. Rxc3 Rxe4 32. Rc6 Rf4 33. h4 h6 34. Rc5 Kf6 35. Rc6+ Ke7 36. Ra6 g5 37. hxg5 hxg5 38. Rb6 Rd4 39. Ra6 Rd3+ 40. Kf2 e4 41. Rb6 Rf3+ 42. Kg2 Rf4 43. Kg3 Kd7 44. Rb7+ Kc6 45. Re7 Kd5 46. Re8 Kd4 47. Rd8+ Ke3 48. Rd5 Rf3+ 49. Kg2 f6 50. Rd6 Rf4 51. Kg3 Rf3+ 52. Kg2 Ke2 53. Re6 e3 54. Re7 Rf2+ 55. Kg3 Rf1 56. Re6 Kd2 57. Rd6+ Ke1 58. Kg2 e2 59. Rd3 Rf2+ 60. Kg3 Kf1 61. Ra3 e1Q 62. Rd3 Rd2+ 0-1

[Event "Olympiad Women-45"]
[Site "Budapest"]
[Date "2024.09.22"]
[Round "11.3"]
[White "Tamarozi, Isabelle"]
[Black "Fronda Pascua, Jan Jodilyn"]
[Result "0-1"]
[WhiteElo "2059"]
[BlackElo "2165"]
[PlyCount "40"]
[EventDate "2024.09.11"]
[EventType "team-swiss"]
[EventRounds "11"]
[EventCountry "HUN"]
[SourceTitle "EXT 2025"]
[Source "ChessBase"]
[SourceDate "2024.10.14"]
[SourceVersion "1"]
[SourceVersionDate "2024.10.14"]
[SourceQuality "1"]
[WhiteTeam "Brazil (W)"]
[BlackTeam "Philippines (W)"]
[WhiteTeamCountry "BRA"]
[BlackTeamCountry "PHI"]

1. e4 c6 2. d4 d5 3. exd5 cxd5 4. c4 Nf6 5. Nc3 g6 6. Qb3 Bg7 7. cxd5 0-0 8. Be2 Na6 9. Bf3 Qb6 10. Qxb6 axb6 11. a3 Nb4 12. Bd1 Bf5 13. f3 Rfd8 14. g4 Bc2 15. Nge2 Bxd1 16. Kxd1 Nfxd5 17. Bd2 e5 18. Rb1 exd4 19. Nb5 Ne3+ 20. Ke1 Nd3# 0-1

[Event "Olympiad Women-45"]
[Site "Budapest"]
[Date "2024.09.20"]
[Round "9.4"]
[White "Tamarozi, Isabelle"]
[Black "Canales Chinchilla, Victoria"]
[Result "1-0"]
[WhiteElo "2059"]
[BlackElo "1826"]
[PlyCount "87"]
[EventDate "2024.09.11"]
[EventType "team-swiss"]
[EventRounds "11"]
[EventCountry "HUN"]
[SourceTitle "EXT 2025"]
[Source "ChessBase"]
[SourceDate "2024.10.14"]
[SourceVersion "1"]
[SourceVersionDate "2024.10.14"]
[SourceQuality "1"]
[WhiteTeam "Brazil (W)"]
[BlackTeam "Costa Rica (W)"]
[WhiteTeamCountry "BRA"]
[BlackTeamCountry "CRI"]

1. e4 c5 2. Nf3 Nc6 3. d4 cxd4 4. Nxd4 g6 5. c4 Nf6 6. Nc3 d6 7. Be2 Nxd4 8. Qxd4 Bg7 9. Bg5 0-0 10. Qd2 a5 11. Rd1 a4 12. e5 Nd7 13. exd6 f6 14. dxe7 Qxe7 15. Be3 Ne5 16. 0-0 Be6 17. Nd5 Qf7 18. Bc5 Rfe8 19. b3 Rac8 20. Ba3 axb3 21. axb3 Rcd8 22. Rfe1 f5 23. Bb2 Bxd5 24. cxd5 f4 25. f3 Kh8 26. Bb5 Re7 27. Re4 g5 28. Ba3 Nxf3+ 29. gxf3 Rxe4 30. fxe4 Qh5 31. Rf1 f3 32. Qf2 g4 33. Bb2 Rd6 34. Ra1 h6 35. Ra8+ Kh7 36. Bxg7 Kxg7 37. Be8 Qg5 38. Rc8 Rd8 39. Qd4+ Kf8 40. Rxd8 Qc1+ 41. Kf2 Qc2+ 42. Kg3 Qg2+ 43. Kf4 Qxh2+ 44. Kf5 1-0

[Event "Olympiad Women-45"]
[Site "Budapest"]
[Date "2024.09.16"]
[Round "6.28"]
[White "Tamarozi, Isabelle"]
[Black "Shohradova, Leyla"]
[Result "0-1"]
[WhiteElo "2059"]
[BlackElo "1873"]
[PlyCount "100"]
[EventDate "2024.09.11"]
[EventType "team-swiss"]
[EventRounds "11"]
[EventCountry "HUN"]
[SourceTitle "EXT 2025"]
[Source "ChessBase"]
[SourceDate "2024.10.14"]
[SourceVersion "1"]
[SourceVersionDate "2024.10.14"]
[SourceQuality "1"]
[WhiteTeam "Brazil (W)"]
[BlackTeam "Turkmenistan (W)"]
[WhiteTeamCountry "BRA"]
[BlackTeamCountry "TKM"]

1. e4 e6 2. d4 d5 3. Nc3 Bb4 4. e5 Ne7 5. a3 Bxc3+ 6. bxc3 b6 7. h4 Ba6 8. h5 h6 9. Qg4 Bxf1 10. Kxf1 Nf5 11. a4 Nc6 12. Ne2 Qd7 13. Nf4 0-0-0 14. g3 Na5 15. Kg2 Nc4 16. Re1 a5 17. Kh2 Rdg8 18. Qe2 g6 19. Rb1 g5 20. Nd3 Qxa4 21. g4 Ne7 22. Be3 Qc6 23. Ra1 Rf8 24. Bc1 f6 25. Ba3 Nxa3 26. exf6 Qd6+ 27. Ne5 Rxf6 28. Qa6+ Kd8 29. Rxa3 Qxa3 30. Qa8+ Nc8 31. Nc6+ Kd7 32. Ne5+ Ke7 33. Ng6+ Rxg6 34. hxg6 Qd6+ 35. Kg2 Kd7 36. Re5 Rg8 37. Qa6 Ne7 38. Qb5+ Qc6 39. Qb3 Nxg6 40. Re3 Nf4+ 41. Kg1 Ra8 42. Qa3 Qd6 43. Qa4+ c6 44. c4 dxc4 45. c3 b5 46. Qc2 Nd3 47. Qe2 Rf8 48. f3 a4 49. Qg2 a3 50. Kh1 Qf4 0-1

[Event "Caioba op 8th"]
[Site "Caioba"]
[Date "2024.06.26"]
[Round "5"]
[White "Hernandez Guerrero, Gilberto Eduardo"]
[Black "Tamarozi, Isabelle"]
[Result "1-0"]
[WhiteElo "2506"]
[BlackElo "2030"]
[PlyCount "115"]
[EventDate "2024.06.23"]
[EventType "swiss"]
[EventRounds "9"]
[EventCountry "BRA"]
[SourceTitle "CBM 220 Extra"]
[Source "ChessBase"]
[SourceDate "2024.07.31"]
[SourceVersion "1"]
[SourceVersionDate "2024.07.31"]
[SourceQuality "1"]

1. d4 d5 2. c4 e6 3. Nf3 c5 4. cxd5 exd5 5. g3 Nf6 6. Bg2 Nc6 7. 0-0 Be7 8. Nc3 0-0 9. dxc5 Bxc5 10. Na4 Be7 11. Be3 Ne4 12. Rc1 Bf6 13. Nd4 Ne5 14. b3 Ng4 15. Bf4 g5 16. Bc7 Qe7 17. Qd3 b6 18. e3 Re8 19. Nc3 Bb7 20. Nxe4 dxe4 21. Qe2 Nh6 22. g4 Rac8 23. Bg3 Bxd4 24. exd4 Qd7 25. h3 Qxd4 26. Rxc8 Bxc8 27. Rd1 Qf6 28. Qb5 Re6 29. Rd5 a6 30. Rxg5+ Kf8 31. Qb4+ Qe7 32. Qxe7+ Kxe7 33. Bf4 Kf8 34. Rh5 Kg7 35. Rxh6 Rxh6 36. Bxh6+ Kxh6 37. Bxe4 Kg7 38. Kg2 h6 39. f4 f6 40. b4 Be6 41. a3 a5 42. Kf3 Bd7 43. Ke3 Kf8 44. bxa5 bxa5 45. Kd4 Bb5 46. Bf3 Ke7 47. Kc5 Bd3 48. Bd1 Bf1 49. h4 Kd7 50. Kb6 Kd6 51. Kxa5 Kc5 52. g5 fxg5 53. fxg5 hxg5 54. hxg5 Bc4 55. Bc2 Kc6 56. Kb4 Be6 57. g6 Kd6 58. Bb3 1-0

[Event "Titled Tuesday intern op 21st May Early"]
[Site "Chess.com INT"]
[Date "2024.05.21"]
[Round "1"]
[White "Bilan, Danila"]
[Black "Tamarozi, Isabelle"]
[Result "1-0"]
[WhiteElo "2303"]
[BlackElo "2013"]
[PlyCount "57"]
[EventDate "2024.05.21"]
[EventType "swiss (blitz)"]
[EventRounds "11"]
[EventCountry "USA"]
[SourceTitle "CBM 220 Extra"]
[Source "ChessBase"]
[SourceDate "2024.07.31"]
[SourceVersion "1"]
[SourceVersionDate "2024.07.31"]
[SourceQuality "1"]

1. d4 d5 2. Nf3 e6 3. c4 c5 4. cxd5 exd5 5. Nc3 Nf6 6. g3 Nc6 7. Bg2 Be7 8. 0-0 0-0 9. dxc5 Bxc5 10. Bg5 d4 11. Ne4 Be7 12. Bxf6 Bxf6 13. Rc1 Re8 14. Nc5 Qa5 15. a3 Qb5 16. Nd3 Bf5 17. Rc5 Bxd3 18. Rxb5 Bxb5 19. Re1 Rad8 20. Bf1 Re6 21. Qb3 a6 22. a4 Na5 23. Qb4 Bc6 24. Qxa5 Bxf3 25. exf3 Red6 26. Bd3 g6 27. Rc1 Kg7 28. Rc7 Re6 29. Bc4 1-0

[Event "Titled Tuesday intern op 21st May Early"]
[Site "Chess.com INT"]
[Date "2024.05.21"]
[Round "3"]
[White "Tamarozi, Isabelle"]
[Black "Boder, Jan"]
[Result "0-1"]
[WhiteElo "2013"]
[BlackElo "2317"]
[PlyCount "58"]
[EventDate "2024.05.21"]
[EventType "swiss (blitz)"]
[EventRounds "11"]
[EventCountry "USA"]
[SourceTitle "CBM 220 Extra"]
[Source "ChessBase"]
[SourceDate "2024.07.31"]
[SourceVersion "1"]
[SourceVersionDate "2024.07.31"]
[SourceQuality "1"]

1. e4 e5 2. Nf3 Nc6 3. Bb5 a6 4. Ba4 Nf6 5. d3 b5 6. Bb3 Be7 7. 0-0 0-0 8. c3 d5 9. Nbd2 Bg4 10. h3 Bh5 11. Qe2 Bc5 12. Rd1 Re8 13. Nf1 Qd7 14. Bg5 Be7 15. Ng3 Bg6 16. exd5 Nxd5 17. Nxe5 Nxe5 18. Qxe5 c6 19. Qd4 Bxg5 20. c4 Nf6 21. Qc5 Bh4 22. cxb5 axb5 23. d4 Bxg3 24. fxg3 Ne4 25. Qc2 Nxg3 26. Qf2 Ne4 27. Qf4 Re7 28. Rac1 Rae8 29. Rc5 Nxc5 0-1

[Event "Titled Tuesday intern op 14th May Late"]
[Site "Chess.com INT"]
[Date "2024.05.14"]
[Round "8"]
[White "Van Baar, Esper"]
[Black "Tamarozi, Isabelle"]
[Result "1/2-1/2"]
[WhiteElo "2207"]
[BlackElo "2017"]
[PlyCount "96"]
[EventDate "2024.05.14"]
[EventType "swiss (blitz)"]
[EventRounds "11"]
[EventCountry "USA"]
[SourceTitle "CBM 220 Extra"]
[Source "ChessBase"]
[SourceDate "2024.07.31"]
[SourceVersion "1"]
[SourceVersionDate "2024.07.31"]
[SourceQuality "1"]

1. Nf3 d5 2. d4 c5 3. c4 e6 4. cxd5 exd5 5. e3 Nf6 6. Nc3 Nc6 7. Bb5 Be6 8. 0-0 c4 9. b3 Bb4 10. Bb2 Qa5 11. Bxc6+ bxc6 12. Qc2 0-0 13. bxc4 dxc4 14. e4 Rfd8 15. Rfd1 Bg4 16. e5 Nd5 17. Ne4 Nf4 18. Qxc4 Qd5 19. Qxd5 cxd5 20. Nc5 Rac8 21. Nd3 Nxd3 22. Rxd3 Rc2 23. Rb3 a5 24. Rc1 Rdc8 25. Rxc2 Rxc2 26. h3 Bd7 27. Ba3 Ba4 28. Re3 Rxa2 29. Bxb4 axb4 30. e6 fxe6 31. Rxe6 b3 32. Rb6 b2 33. Kh2 Bc2 34. Nd2 Kf7 35. Kg3 g6 36. Kf3 Ra3+ 37. Ke2 Ra2 38. Rb7+ Kf6 39. Rb6+ Kf5 40. f3 h5 41. g3 Kg5 42. h4+ Kf5 43. Kf2 g5 44. hxg5 Kxg5 45. Ke2 Kf5 46. Kf2 Kg5 47. Ke2 Kf5 48. Kf2 Kg5 1/2-1/2

[Event "Campos do Jordao op"]
[Site "Campos do Jordao"]
[Date "2024.01.14"]
[Round "4"]
[White "Ramos, Bruce Vicente"]
[Black "Tamarozi, Isabelle"]
[Result "0-1"]
[WhiteElo "1939"]
[BlackElo "1988"]
[PlyCount "172"]
[EventDate "2024.01.12"]
[EventType "swiss"]
[EventRounds "5"]
[EventCountry "BRA"]
[SourceTitle "CBM 218 Extra"]
[Source "ChessBase"]
[SourceDate "2024.03.31"]
[SourceVersion "1"]
[SourceVersionDate "2024.03.31"]
[SourceQuality "1"]

1. e4 c5 2. c3 Nf6 3. e5 Nd5 4. d4 cxd4 5. cxd4 Nc6 6. Nf3 d6 7. Bc4 Nb6 8. Bb5 Bd7 9. exd6 e6 10. 0-0 Bxd6 11. Nc3 0-0 12. Bg5 Be7 13. Bxe7 Qxe7 14. a4 Rfd8 15. a5 Nc8 16. Qb3 Nd6 17. Bd3 Qf6 18. d5 Ne7 19. dxe6 Bxe6 20. Qc2 h6 21. Bh7+ Kh8 22. Ne4 Nxe4 23. Bxe4 Rac8 24. Qb1 Bd5 25. Re1 Rc4 26. Qd3 Rcc8 27. Qb5 a6 28. Qe2 Bc4 29. Qe3 Nd5 30. Qa7 Rc7 31. Qd4 Qxd4 32. Nxd4 Nf6 33. Nf3 Nxe4 34. Rxe4 Be6 35. Rb4 Rc5 36. h3 Bc8 37. Rb6 Kg8 38. b4 Rc3 39. Re1 Kf8 40. b5 axb5 41. Rxb5 f6 42. h4 Rc2 43. Rb4 Ra2 44. Rb5 Kf7 45. Rc5 Bg4 46. Nh2 Be6 47. Rb5 Rd7 48. Nf3 Bc4 49. Rf5 Rd5 50. Rf4 Bb5 51. Rd4 Bc6 52. Rde4 Rd7 53. Rf4 Bxf3 54. Rxf3 Rxa5 55. Rb3 Rad5 56. Re2 b5 57. Reb2 Rb7 58. Kf1 Ke6 59. Ke2 Kd6 60. g3 Re7+ 61. Kf3 Kc6 62. Rc2+ Rc5 63. Rcb2 Ree5 64. Rb4 Rc4 65. R4b3 h5 66. Kg2 g5 67. Ra3 b4 68. Ra6+ Kd5 69. Rxf6 gxh4 70. Rb6 Kc5 71. Rb8 hxg3 72. fxg3 Ree4 73. Rd8 Rg4 74. Rh8 h4 75. Rh5+ Kd4 76. Rxh4 Rxh4 77. gxh4 Kc3 78. Rb1 Rxh4 79. Rc1+ Kb2 80. Rc7 Rf4 81. Rc8 b3 82. Rb8 Kc2 83. Rc8+ Kb1 84. Kg3 Rf7 85. Kg2 b2 86. Kg3 Ra7 0-1

[Event "Osasco op"]
[Site "Osasco"]
[Date "2023.12.03"]
[Round "5"]
[White "Munhoz, Joao Pedro"]
[Black "Tamarozi, Isabelle"]
[Result "0-1"]
[WhiteElo "1589"]
[BlackElo "2015"]
[PlyCount "96"]
[EventDate "2023.12.01"]
[EventType "swiss"]
[EventRounds "6"]
[EventCountry "BRA"]
[SourceTitle "CBM 217 Extra"]
[Source "ChessBase"]
[SourceDate "2024.01.31"]
[SourceVersion "1"]
[SourceVersionDate "2024.01.31"]
[SourceQuality "1"]

1. c4 e5 2. Nc3 Nf6 3. g3 d5 4. cxd5 Nxd5 5. Bg2 Nb6 6. Nf3 Nc6 7. 0-0 Be7 8. b3 0-0 9. Bb2 Bf5 10. d3 Qd7 11. Qd2 f6 12. Rfd1 Rad8 13. Rac1 Nd4 14. Qe3 c6 15. Nd2 Bg4 16. Nf3 Rfe8 17. Kh1 Bb4 18. Ng1 Qf7 19. f3 Bc8 20. Qf2 f5 21. e3 Ne6 22. Qc2 Bc5 23. Re1 f4 24. Nd1 fxe3 25. Nxe3 Bd4 26. Ng4 Nd7 27. Re2 h5 28. Nf2 Bxb2 29. Qxb2 Nd4 30. Ree1 Nf6 31. Ne4 Nd5 32. Qd2 Qg6 33. Qg5 Qxg5 34. Nxg5 Nb4 35. Rcd1 Nxa2 36. Ra1 Nc2 37. Rxa2 Nxe1 38. Rxa7 Nxg2 39. Kxg2 Rxd3 40. Ne4 Rxb3 41. Nh3 Bxh3+ 42. Kxh3 b6 43. Ng5 Rb4 44. g4 hxg4+ 45. fxg4 e4 46. Kh4 e3 47. Kh5 Rb5 48. Ra1 e2 0-1

[Event "Osasco op"]
[Site "Osasco"]
[Date "2023.12.02"]
[Round "3"]
[White "Tamarozi, Isabelle"]
[Black "Itagyba, Renan Fortes"]
[Result "1-0"]
[WhiteElo "2015"]
[BlackElo "1741"]
[PlyCount "63"]
[EventDate "2023.12.01"]
[EventType "swiss"]
[EventRounds "6"]
[EventCountry "BRA"]
[SourceTitle "CBM 217 Extra"]
[Source "ChessBase"]
[SourceDate "2024.01.31"]
[SourceVersion "1"]
[SourceVersionDate "2024.01.31"]
[SourceQuality "1"]

1. e4 c5 2. Nf3 g6 3. c4 Bg7 4. d4 cxd4 5. Nxd4 Nc6 6. Be3 Nf6 7. Nc3 0-0 8. Be2 d6 9. 0-0 Bd7 10. Qd2 Nxd4 11. Bxd4 Bc6 12. f3 a6 13. b4 b6 14. Rfd1 Bb7 15. Rac1 Rc8 16. Na4 Nd7 17. Bxg7 Kxg7 18. c5 b5 19. Nc3 Rc6 20. a4 bxa4 21. Nxa4 Kg8 22. b5 axb5 23. Bxb5 Rxc5 24. Nxc5 Nxc5 25. Bc4 Qb6 26. Kh1 Ra8 27. Rb1 Qc7 28. Rdc1 Ra4 29. Qc2 Qa5 30. Rb5 Qa7 31. h3 Ba6 32. Rxc5 1-0

[Event "BRA-ch (Women) 62nd"]
[Site "Timbo"]
[Date "2023.11.03"]
[Round "8"]
[White "Eger, Laura Luisa"]
[Black "Tamarozi, Isabelle"]
[Result "0-1"]
[WhiteElo "1840"]
[BlackElo "1982"]
[PlyCount "78"]
[EventDate "2023.10.29"]
[EventType "swiss"]
[EventRounds "9"]
[EventCountry "BRA"]
[SourceTitle "CBM 217 Extra"]
[Source "ChessBase"]
[SourceDate "2024.01.31"]
[SourceVersion "1"]
[SourceVersionDate "2024.01.31"]
[SourceQuality "1"]

1. e4 c5 2. Nf3 Nc6 3. Bb5 a6 4. Bxc6 dxc6 5. h3 e5 6. 0-0 Qc7 7. d3 Ne7 8. a4 a5 9. Nbd2 f6 10. Nc4 Be6 11. Be3 Ng6 12. Qd2 b6 13. Na3 Be7 14. Kh1 Rd8 15. Qc1 Qd7 16. Ng1 Bd6 17. Nc4 Bc7 18. Re1 Nf4 19. Bxf4 exf4 20. Nd2 g5 21. e5 fxe5 22. Ngf3 Qg7 23. Nh2 g4 24. Qd1 h5 25. h4 Kd7 26. g3 Kc8 27. Ne4 Rhf8 28. Qe2 Bd5 29. Rf1 Rd7 30. Kg1 Bd8 31. Qe1 Qg6 32. c3 c4 33. Nd2 Qxd3 34. Rd1 fxg3 35. fxg3 Rdf7 36. Rxf7 Rxf7 37. Ne4 Qxe4 38. Qxe4 Bxe4 39. Rd6 b5 0-1

[Event "Titled Tuesday intern op 03rd Jan Late"]
[Site "Chess.com INT"]
[Date "2023.01.03"]
[Round "6"]
[White "Tamarozi, Isabelle"]
[Black "Alexikov, Alexander"]
[Result "1-0"]
[WhiteElo "1982"]
[BlackElo "2223"]
[PlyCount "83"]
[EventDate "2023.01.03"]
[EventType "swiss (blitz)"]
[EventRounds "11"]
[EventCountry "USA"]
[SourceTitle "EXT 2024"]
[Source "ChessBase"]
[SourceDate "2023.10.10"]
[SourceVersion "1"]
[SourceVersionDate "2023.10.10"]
[SourceQuality "1"]

1. e4 c5 2. Nf3 d6 3. d4 cxd4 4. Nxd4 Nf6 5. Nc3 a6 6. Be2 e5 7. Nb3 Be6 8. 0-0 Be7 9. a4 Nbd7 10. f4 Rc8 11. Kh1 0-0 12. f5 Bc4 13. g4 h6 14. Bxc4 Rxc4 15. Nd2 Rxc3 16. bxc3 Qc7 17. c4 Qc6 18. Qf3 Nc5 19. Re1 Nxa4 20. h4 Nh7 21. Qg3 b5 22. Nf3 Nc5 23. cxb5 axb5 24. Ra7 Re8 25. Nd2 Bf6 26. Ba3 Na4 27. Qb3 Rf8 28. Nf3 Nc5 29. Bxc5 dxc5 30. Qd5 Qxd5 31. exd5 Rd8 32. Nxe5 Bxh4 33. Nxf7 Rf8 34. Nxh6+ gxh6 35. Re6 Bg5 36. Rg6+ Kh8 37. Rgg7 Nf6 38. d6 Rd8 39. Rgf7 Kg8 40. Rfb7 Ne8 41. d7 Nf6 42. Rc7 1-0

[Event "Titled Tuesday intern op 03rd Jan Late"]
[Site "Chess.com INT"]
[Date "2023.01.03"]
[Round "7"]
[White "Tamarozi, Isabelle"]
[Black "Estrada Nieto, Julian"]
[Result "0-1"]
[WhiteElo "1982"]
[BlackElo "2248"]
[PlyCount "70"]
[EventDate "2023.01.03"]
[EventType "swiss (blitz)"]
[EventRounds "11"]
[EventCountry "USA"]
[SourceTitle "EXT 2024"]
[Source "ChessBase"]
[SourceDate "2023.10.10"]
[SourceVersion "1"]
[SourceVersionDate "2023.10.10"]
[SourceQuality "1"]

1. e4 e5 2. Nf3 Nc6 3. Bb5 a6 4. Ba4 Nf6 5. d3 d6 6. c3 g6 7. 0-0 Bg7 8. Nbd2 0-0 9. Qe2 Bd7 10. Rd1 Qe8 11. Bb3 Nh5 12. Nf1 Kh8 13. d4 exd4 14. cxd4 Bg4 15. d5 Nd4 16. Qe3 Nxf3+ 17. gxf3 Bd7 18. Bd2 Be5 19. Bc3 f6 20. Ng3 Nf4 21. Ne2 g5 22. Nd4 Qh5 23. Bc4 Rg8 24. Ne6 Bxe6 25. dxe6 Qh3 26. Bf1 Qxe6 27. Bxe5 fxe5 28. b3 g4 29. Kh1 Rg5 30. fxg4 Qxg4 31. f3 Qh4 32. Qe1 Qh5 33. Qf2 Rag8 34. Bc4 Rg2 35. Qxg2 Rxg2 0-1